000 00972nmc a2200325 a 4500
003 AR-BaBNM
005 20251128211250.0
008 093020s2003 ||||||||||||||000 | spa||
020 _a84-277-1411-4
040 _cAR-BaBNM
245 1 0 _aEducación familiar
_bnuevas relaciones humanas y humanizadoras
260 _aMadrid
_bNarcea
_c2003
300 0 _a165 p.
_btablas
490 0 _aEducación hoy. Estudios
504 _aContiene referencias bibliográficas al final de cada capítulo
650 4 _aEDUCACION FAMILIAR
650 4 _aRELACIONES FAMILIARES
650 4 _aEDUCACION MORAL
650 4 _aEDUCACION RELIGIOSA
650 4 _aDERECHO DE FAMILIA
650 4 _aMEDIOS DE COMUNICACION
650 4 _aRELACION FAMILIA-ESCUELA
650 4 _aTERAPIA FAMILIAR
650 4 _aCONFLICTOS FAMILIARES
650 4 _aDINAMICA FAMILIAR
653 0 _aFRACASO ESCOLAR
700 1 _aGervilla Castillo, Enrique
_ecoordinador
942 _cBK
998 _craquel
999 _c18916
_d18916